000 00375 a2200097 4500
100 1 _aKabatt, Kurt.
_eAutor
245 0 _aHilfsbuch fuer Entstoerer /
_cKabatt Kurt.
250 _a3.,erweiterte Aufl..
710 2 _aVerlag fuer Wissenschaft und Leben/Georg Heidecker.
_eWydawca
_4pbl
260 _aBad Windsheim :
_bVerlag fuer Wissenschaft und Leben/Georg Heidecker,
_c1966.
300 _aXII,570 s.;
_c24 cm.
999 _c6860
_d6860